[Event "Druzynowe Mistrzostwa Polski - II liga"]
[Site "Dom Wczasowy VIS Jastrzebia Gora"]
[Date "1899-12-30"]
[Round "3.48"]
[White "Krzywicki, Dariusz"]
[Black "Sapis, Witalis"]
[Result "1/2-1/2"]
[WhiteTitle "m"]
[BlackTitle "IM"]
[WhiteElo "2110"]
[BlackElo "2378"]

1. Nf3 d5 2. g3 Nf6 3. Bg2 c6 4. O-O Bg4 5. d3 Nbd7 6. Qe1 e5 7. e4 dxe4 8. dxe4
Bc5 9. Nbd2 O-O 10. Nc4 Qc7 11. a4 a5 12. h3 Bxf3 13. Bxf3 Rfe8 14. Kg2 Nf8 15.
Bg5 N6d7 16. Bg4 Ne6 17. Bxe6 Rxe6 18. Qe2 Nb6 1/2-1/2

[Event "Druzynowe Mistrzostwa Polski - II liga"]
[Site "Dom Wczasowy VIS Jastrzebia Gora"]
[Date "1899-12-30"]
[Round "3.49"]
[White "Karwowski, Kacper"]
[Black "Krzewski, Dariusz"]
[Result "1-0"]
[WhiteTitle "CM"]
[BlackTitle "k"]
[WhiteElo "2216"]
[BlackElo "2057"]

1. e4 e5 2. Nf3 Nc6 3. Bb5 a6 4. Ba4 Nf6 5. O-O Be7 6. Re1 b5 7. Bb3 O-O 8. h3
d6 9. c3 Nb8 10. d4 Nbd7 11. Nbd2 c5 12. d5 c4 13. Bc2 Qc7 14. Nf1 Re8 15. g4
Bf8 16. g5 Nh5 17. Nxe5 Nxe5 18. Qxh5 g6 19. Qe2 Bxh3 20. Nh2 Qc8 21. f4 Ng4 22.
Be3 Nxe3 23. Qxe3 Bg7 24. Qf2 f5 25. gxf6 Bxf6 26. f5 Qc5 27. Qxc5 dxc5 28. Re3
Bxf5 29. Rf3 Bxc3 30. bxc3 Bxe4 31. Bxe4 Rxe4 32. Rd1 b4 33. Kf2 Rae8 34. d6 Rd8
35. Re3 Rxe3 36. Kxe3 Kf7 37. Nf3 bxc3 38. Ne5+ Ke6 39. Nxc4 Kd5 40. Ke4+ 1-0

[Event "Druzynowe Mistrzostwa Polski - II liga"]
[Site "Dom Wczasowy VIS Jastrzebia Gora"]
[Date "1899-12-30"]
[Round "3.50"]
[White "Kitewski, Bartosz"]
[Black "Rudnicki, Milosz"]
[Result "1/2-1/2"]
[WhiteTitle "I++"]
[BlackTitle "k"]
[WhiteElo "1993"]
[BlackElo "2200"]

1. d4 d5 2. c4 c6 3. Nc3 Nf6 4. Nf3 e6 5. e3 Nbd7 6. Qc2 Bb4 7. a3 Bxc3+ 8. Qxc3
Ne4 9. Qc2 f5 10. Bd3 Qf6 11. O-O g5 12. b4 g4 13. Nd2 h5 14. b5 h4 15. bxc6 bxc6
16. cxd5 exd5 17. Nxe4 fxe4 18. Be2 h3 19. g3 Ba6 20. f4 Bxe2 21. Qxe2 Rg8 22.
Rb1 Ke7 23. Rb7 Qd6 24. a4 Kf6 25. Bd2 a5 26. Rfb1 Kf5 27. Qe1 Rgb8 28. Bxa5 Rxb7
29. Rxb7 c5 30. dxc5 Qxc5 31. Rb5 Qc4 32. Qd2 Nc5 33. Qd4 Qc1+ 34. Kf2 Nd3+ 35.
Ke2 Qc2+ 36. Bd2 Nc1+ 37. Ke1 Nd3+ 38. Ke2 Nc1+ 39. Ke1 Nd3+ 1/2-1/2

[Event "Druzynowe Mistrzostwa Polski - II liga"]
[Site "Dom Wczasowy VIS Jastrzebia Gora"]
[Date "1899-12-30"]
[Round "3.51"]
[White "Wacior, Maciej"]
[Black "Kaznowska, Weronika"]
[Result "1-0"]
[WhiteTitle "k"]
[BlackTitle "I++"]
[WhiteElo "2151"]
[BlackElo "1535"]

1. d4 f5 2. Bf4 e6 3. e3 Nf6 4. Nf3 Be7 5. h3 b6 6. Bd3 Bb7 7. Nbd2 O-O 8. c3 Nc6
9. Qe2 Nd5 10. Bh2 Bf6 11. g4 g6 12. O-O-O Nce7 13. Rdg1 a5 14. gxf5 exf5 15.
h4 a4 16. a3 Bg7 17. h5 d6 18. hxg6 hxg6 19. Bc4 c6 20. Nh4 Rf6 21. f3 b5 22.
Ba2 Kf8 23. e4 fxe4 24. fxe4 Nf4 25. Bxf4 Rxf4 26. Rf1 g5 27. Rxf4+ gxf4 28. Rf1
Ke8 29. Be6 b4 30. Qh5+ Kf8 31. Qf7# 1-0

[Event "Druzynowe Mistrzostwa Polski - II liga"]
[Site "Dom Wczasowy VIS Jastrzebia Gora"]
[Date "1899-12-30"]
[Round "3.53"]
[White "Adamowicz, Katarzyna"]
[Black "Krysztopa-czuprynska, Barbara"]
[Result "1-0"]
[WhiteTitle "WFM"]
[BlackTitle "I"]
[WhiteElo "2088"]
[BlackElo "1636"]

1. e4 d5 2. exd5 Nf6 3. d4 Bg4 4. f3 Bf5 5. c4 e6 6. dxe6 Nc6 7. Be3 Bb4+ 8. Nc3
fxe6 9. a3 Bxc3+ 10. bxc3 O-O 11. Bd3 Qe7 12. Ne2 Rad8 13. O-O Bxd3 14. Qxd3 Ne5
15. Qb1 Nxc4 16. Bg5 c6 1-0

[Event "Druzynowe Mistrzostwa Polski - II liga"]
[Site "Dom Wczasowy VIS Jastrzebia Gora"]
[Date "1899-12-30"]
[Round "3.54"]
[White "Kaczmarek, Aleksander"]
[Black "Golenia, Wojciech"]
[Result "0-1"]
[WhiteTitle "FM"]
[BlackTitle "k+"]
[WhiteElo "2323"]
[BlackElo "2175"]

1. e4 e5 2. Nf3 Nc6 3. Bb5 a6 4. Ba4 Nf6 5. O-O Be7 6. d3 d6 7. Nc3 O-O 8. a3 b5
9. Bb3 Bg4 10. Be3 Nd4 11. Bxd4 exd4 12. Nd5 c5 13. h3 Be6 14. c3 dxc3 15. bxc3
Nxd5 16. exd5 0-1

[Event "Druzynowe Mistrzostwa Polski - II liga"]
[Site "Dom Wczasowy VIS Jastrzebia Gora"]
[Date "1899-12-30"]
[Round "3.55"]
[White "Golenia, Jan"]
[Black "Kolodziejski, Piotr"]
[Result "1-0"]
[WhiteTitle "k"]
[BlackTitle "k"]
[WhiteElo "2113"]
[BlackElo "2057"]

1. d4 d5 2. c4 c6 3. Nf3 Nf6 4. Nc3 e6 5. e3 Bd6 6. Qc2 Nbd7 7. g4 h6 8. Rg1 e5
9. cxd5 cxd5 10. h4 e4 11. g5 hxg5 12. hxg5 Ng8 13. g6 f6 14. Nd2 Ne7 15. Qb3
Qa5 16. a3 f5 17. Be2 a6 18. Nf1 Qb6 19. Qa4 Rb8 20. Ng3 Qc6 21. Nh5 Kf8 22. Qb3
b5 23. Bd2 Bb7 24. Na2 Qb6 25. Bb4 Rc8 26. Nc3 Rh6 27. Rg5 Nf6 28. Bxd6 Qxd6 29.
Nf4 Rh1+ 30. Bf1 Rc4 31. O-O-O Rc8 32. Bh3 Rxd1+ 33. Kxd1 Rc4 34. Bf1 Rxd4+ 35.
Ke1 Ng4 36. Bxb5 Bc8 37. Nce2 Rd3 38. Bxd3 exd3 39. Nd4 d2+ 40. Kxd2 Nxf2 41.
Rh5 Ne4+ 42. Kd1 Nxg6 43. Qxd5 Nxf4 44. Qxd6+ Nxd6 45. exf4 Kf7 46. Kc2 Bd7 47.
Kb3 Kf6 48. Kb4 Be8 49. Rh8 Bf7 50. Ra8 Bc4 51. Kc5 Ke7 52. Ra7+ 1-0

[Event "Druzynowe Mistrzostwa Polski - II liga"]
[Site "Dom Wczasowy VIS Jastrzebia Gora"]
[Date "1899-12-30"]
[Round "3.56"]
[White "Kejna, Piotr"]
[Black "Krawczyk, Wojciech"]
[Result "1/2-1/2"]
[WhiteTitle "CM"]
[BlackTitle "I++"]
[WhiteElo "1965"]
[BlackElo "1973"]

1. e4 e6 2. Nf3 d5 3. exd5 exd5 4. d4 Nf6 5. Bd3 Bd6 6. O-O O-O 7. Nc3 c6 8. Bg5
Bg4 9. Re1 Nbd7 10. h3 Bh5 11. g4 Bg6 12. Ne5 Qb6 13. Bxg6 hxg6 14. Nxd7 Nxd7
15. Be7 Bxe7 16. Rxe7 Nf6 17. Qd2 Rae8 18. Rxe8 Rxe8 19. b3 1/2-1/2

[Event "Druzynowe Mistrzostwa Polski - II liga"]
[Site "Dom Wczasowy VIS Jastrzebia Gora"]
[Date "1899-12-30"]
[Round "3.57"]
[White "Cichon, Jakub"]
[Black "Komendecki, Jacek"]
[Result "0-1"]
[WhiteTitle "I+"]
[BlackTitle "k"]
[WhiteElo "1940"]
[BlackElo "1977"]

1. d4 Nf6 2. Nf3 d5 3. Bf4 c5 4. e3 Nc6 5. Nbd2 Qb6 6. dxc5 Qxb2 7. c4 e6 8. cxd5
Nxd5 9. Rb1 Qa3 10. Ne4 Nxf4 11. exf4 Bxc5 12. Bb5 Bb4+ 13. Kf1 O-O 14. Nfg5 Be7
15. Rb3 Qxa2 16. Bc4 h6 17. h4 Qa4 18. Qd3 g6 19. Nc3 Qa1+ 20. Rb1 Qa5 21. Nxe6
Bxe6 22. Bxe6 Kg7 23. h5 Bb4 24. hxg6 fxe6 25. Ne4 Qa6 26. Qxa6 bxa6 27. Rc1 Rac8
28. Rh3 Rxf4 29. Ng3 Kxg6 30. f3 Ne7 31. Rb1 Rfc4 32. Ne2 Nf5 33. g4 Ne3+ 34.
Kf2 Bc5 35. Kg3 Bd6+ 36. Kf2 Bc5 37. Kg3 Bd6+ 38. Kf2 Nd5 39. Rbh1 Bf8 40. Rh5
Nf4 41. Re5 Nd3+ 0-1

[Event "Druzynowe Mistrzostwa Polski - II liga"]
[Site "Dom Wczasowy VIS Jastrzebia Gora"]
[Date "1899-12-30"]
[Round "3.58"]
[White "Komendecki, Antoni"]
[Black "Cichon, Bartlomiej"]
[Result "1/2-1/2"]
[WhiteTitle "I++"]
[BlackTitle "I"]
[WhiteElo "1768"]
[BlackElo "1984"]

1. e4 c5 2. Nf3 d6 3. d4 cxd4 4. Nxd4 Nf6 5. Nc3 a6 6. Bg5 e6 7. f4 Be7 8. Qf3
Qc7 9. O-O-O Nbd7 10. f5 Ne5 11. Qh3 Nfg4 12. Bxe7 Qxe7 13. Qg3 Qg5+ 14. Kb1 Qe3
15. Qxe3 Nxe3 16. Re1 Nxf1 17. Rhxf1 Ke7 18. a4 Bd7 19. b3 Rac8 20. Kb2 Rc5 21.
h3 Rhc8 22. Re3 b5 23. axb5 axb5 24. g4 h6 25. Nce2 b4 26. Rc1 Bb5 27. Nxb5 Rxb5
28. c4 Ra5 29. Ra1 Rxa1 30. Kxa1 Ra8+ 31. Kb2 Ra3 32. Rg3 Nd7 33. Nd4 Ra6 34.
h4 Nc5 35. Re3 g6 36. g5 hxg5 37. hxg5 e5 38. f6+ Kd7 39. Nc2 Rb6 40. Ne1 Rb8
41. Nd3 Ne6 42. Rg3 Kc6 43. Rg2 Rb6 44. Rg1 Rb7 45. Rg3 Rb8 46. Rg1 Rb7 1/2-1/2

[Event "Druzynowe Mistrzostwa Polski - II liga"]
[Site "Dom Wczasowy VIS Jastrzebia Gora"]
[Date "1899-12-30"]
[Round "3.59"]
[White "Czarnecka, Lidia"]
[Black "Dmochowska, Agnieszka"]
[Result "1-0"]
[WhiteTitle "k"]
[BlackTitle "WFM"]
[WhiteElo "1957"]
[BlackElo "1967"]

1. e4 c5 2. Nf3 Nc6 3. d4 cxd4 4. Nxd4 e5 5. Nb5 d6 6. N1c3 a6 7. Na3 b5 8. Nd5
Nge7 9. c4 Nd4 10. Be3 Nxd5 11. cxd5 g6 12. Nc2 Bg7 13. Bd3 Nxc2+ 14. Qxc2 Bd7
15. O-O O-O 16. f4 f5 17. Rae1 g5 18. fxe5 f4 19. e6 Bxe6 20. dxe6 fxe3 21. e5
Rc8 22. Bxh7+ Kh8 23. Qd3 Bxe5 24. Bg6 Rc4 25. Qe2 Rh4 26. g3 Rh6 27. Bf7 Bd4
28. Rd1 Bc5 29. Rd5 Kg7 30. Rff5 Rfh8 31. Rxg5+ Kf8 32. Rdf5 Qxg5 33. Rxg5 Rxh2
34. Rg8+ Ke7 35. Re8+ Rxe8 36. Kxh2 Rh8+ 37. Kg2 d5 38. Qg4 d4 39. Qg5+ Kd6 40.
Qf4+ Kc6 41. Qe4+ Kb6 42. e7 1-0

[Event "Druzynowe Mistrzostwa Polski - II liga"]
[Site "Dom Wczasowy VIS Jastrzebia Gora"]
[Date "1899-12-30"]
[Round "3.60"]
[White "Bebel, Arkadiusz"]
[Black "Cichy, Kamil"]
[Result "1/2-1/2"]
[WhiteTitle "FM"]
[BlackTitle "k+"]
[WhiteElo "2253"]
[BlackElo "2195"]

1. Nf3 c5 2. g3 Nc6 3. Bg2 g6 4. c4 Bg7 5. Nc3 d6 6. O-O e6 7. e3 Nge7 8. d4 O-O
9. dxc5 dxc5 10. Qc2 Nf5 11. a3 Qe7 12. b3 Nd6 13. Nd2 Bd7 14. Bb2 Ne5 15. Rae1
Bc6 16. f4 Ng4 17. Bxc6 bxc6 18. h3 Nh6 19. Na4 e5 20. Nf3 e4 21. Bxg7 Kxg7 22.
Nd2 Rad8 23. Nxc5 1/2-1/2

[Event "Druzynowe Mistrzostwa Polski - II liga"]
[Site "Dom Wczasowy VIS Jastrzebia Gora"]
[Date "1899-12-30"]
[Round "3.61"]
[White "Miszczak, Dariusz"]
[Black "Solnicki, Michal"]
[Result "0-1"]
[WhiteTitle "I+"]
[BlackTitle "k"]
[WhiteElo "1998"]
[BlackElo "2144"]

1. e4 e5 2. Nf3 Nf6 3. Nc3 Nc6 4. Bc4 Nxe4 5. Nxe4 d5 6. Bd3 dxe4 7. Bxe4 Bd6 8.
d4 Nxd4 9. Nxd4 exd4 10. Qxd4 O-O 11. Be3 a5 12. O-O-O a4 13. a3 Rb8 14. Qxa4
b5 15. Qa7 Bd7 0-1

[Event "Druzynowe Mistrzostwa Polski - II liga"]
[Site "Dom Wczasowy VIS Jastrzebia Gora"]
[Date "1899-12-30"]
[Round "3.63"]
[White "Malik, Maciej"]
[Black "Chrzaszcz, Malvina"]
[Result "1-0"]
[WhiteTitle "I++"]
[BlackTitle "k+"]
[WhiteElo "1961"]
[BlackElo "1968"]

1. e4 c5 2. d4 cxd4 3. c3 d3 4. Bxd3 d6 5. f4 Nc6 6. Nf3 Nf6 7. O-O d5 8. e5 Ng4
9. Qe2 Qb6+ 10. Kh1 Bd7 11. h3 h5 12. e6 Bxe6 13. Bg6 1-0

[Event "Druzynowe Mistrzostwa Polski - II liga"]
[Site "Dom Wczasowy VIS Jastrzebia Gora"]
[Date "1899-12-30"]
[Round "3.64"]
[White "Pettersson, Alexander"]
[Black "Kotula, Pawel"]
[Result "1/2-1/2"]
[WhiteTitle "II+"]
[BlackTitle "I"]
[WhiteElo "1849"]
[BlackElo "1740"]

1. d4 Nf6 2. c4 g6 3. Nc3 Bg7 4. e4 d6 5. Bd3 O-O 6. Nge2 Nc6 7. O-O Nh5 8. Bc2
e5 9. d5 Ne7 10. Rb1 f5 11. exf5 gxf5 12. f4 Ng6 13. Be3 Qe7 14. Qd2 Bh6 15. fxe5
Bxe3+ 16. Qxe3 dxe5 17. Rbe1 Bd7 18. Kh1 Qh4 19. b3 Rae8 20. Qf2 Qg5 21. Ng1 Re7
22. Nf3 Qh6 23. Kg1 Rg7 24. Kh1 Ngf4 25. Ne2 Nxe2 26. Rxe2 Ng3+ 27. Kg1 Nxe2+
28. Qxe2 e4 29. Nd4 Qf6 30. Qf2 Qe5 31. Ne2 c6 32. Nf4 cxd5 33. cxd5 Bb5 34. Rd1
Rg4 35. g3 Rc8 36. a4 e3 37. Qg2 e2 38. Re1 Rxc2 39. axb5 Qe3+ 40. Qf2 Qd2 41.
Rxe2 Rc1+ 42. Kg2 Qd1 43. Rd2 Qh1+ 44. Kh3 Rf1 45. Qe2 1/2-1/2

[Event "Druzynowe Mistrzostwa Polski - II liga"]
[Site "Dom Wczasowy VIS Jastrzebia Gora"]
[Date "1899-12-30"]
[Round "3.65"]
[White "Buchta, Agnieszka"]
[Black "Gluszko, Monika"]
[Result "0-1"]
[WhiteTitle "k"]
[BlackTitle "k"]
[WhiteElo "1893"]
[BlackElo "1906"]

1. e4 c5 2. Nc3 Nc6 3. Nf3 d6 4. d4 cxd4 5. Nxd4 Nf6 6. Bc4 e6 7. Be3 Be7 8. Qe2
Na5 9. Bd3 a6 10. f4 b5 11. O-O Qc7 12. Rae1 Bb7 13. a3 Nc4 14. Ndxb5 axb5 15.
Nxb5 Qd7 16. Bxc4 Nxe4 17. Nd4 O-O 18. f5 d5 19. Bb5 Qd6 20. fxe6 fxe6 21. Qg4
Bc8 22. Bh6 Qe5 23. c3 Rxf1+ 24. Rxf1 Bc5 25. Be3 Nxc3 26. Qf3 Ba6 27. Bxa6 Rf8
28. bxc3 Rxf3 29. Rxf3 Qe4 30. a4 e5 31. Bc8 exd4 32. cxd4 Bxd4 33. Be6+ Qxe6
34. Bxd4 Qe1+ 35. Rf1 Qd2 36. Bc5 g5 37. h3 Qc2 38. Be3 h6 39. a5 Qa2 40. Bb6
Qa4 41. Rf2 Qb4 42. Rf1 d4 43. Rd1 d3 44. Be3 Qb3 45. Rd2 Qa3 46. Kh2 Kf7 47.
g3 Ke6 48. h4 Kf5 49. hxg5 hxg5 50. g4+ Ke4 51. Bb6 Qc1 52. Rf2 d2 53. Re2+ Kd3
54. Re3+ Kc2 55. Re2 Qf1 56. Rg2 Qxg2+ 57. Kxg2 d1=Q 0-1

[Event "Druzynowe Mistrzostwa Polski - II liga"]
[Site "Dom Wczasowy VIS Jastrzebia Gora"]
[Date "1899-12-30"]
[Round "3.66"]
[White "Rudolf, Michal"]
[Black "Majocha, Piotr"]
[Result "1-0"]
[WhiteTitle "FM"]
[BlackTitle "I++"]
[WhiteElo "2328"]
[BlackElo "1975"]

1. e4 e6 2. d4 d5 3. Nd2 Nf6 4. e5 Nfd7 5. Bd3 c5 6. c3 b6 7. Ne2 Ba6 8. Bxa6 Nxa6
9. O-O Be7 10. Nf4 Nc7 11. Qg4 g6 12. Re1 c4 13. g3 b5 14. h4 h5 15. Qd1 Nb6 16.
Nf3 Qd7 17. Ne2 O-O-O 18. Bg5 Bxg5 19. Nxg5 Ne8 20. Nf4 Ng7 21. b3 Kb7 22. bxc4
bxc4 23. a4 a6 24. Qb1 Ka7 25. a5 Na8 26. Qb4 Qc7 27. Nxf7 Rb8 28. Qd6 Qxf7 29.
Qc5+ Nb6 30. axb6+ Rxb6 31. Reb1 Rhb8 32. Rb4 Qb7 33. Rab1 1-0

[Event "Druzynowe Mistrzostwa Polski - II liga"]
[Site "Dom Wczasowy VIS Jastrzebia Gora"]
[Date "1899-12-30"]
[Round "3.67"]
[White "Laszewicz, Pawel"]
[Black "Markowski, Damian"]
[Result "1-0"]
[WhiteTitle "k"]
[BlackTitle "FM"]
[WhiteElo "1995"]
[BlackElo "2186"]

1. e4 e5 2. Nf3 Nc6 3. Bb5 a6 4. Ba4 Nf6 5. O-O b5 6. Bb3 Be7 7. Re1 d6 8. a3 Bg4
9. c3 Na5 10. Ba2 c5 11. d3 Nc6 12. Nbd2 O-O 13. h3 Be6 1-0

[Event "Druzynowe Mistrzostwa Polski - II liga"]
[Site "Dom Wczasowy VIS Jastrzebia Gora"]
[Date "1899-12-30"]
[Round "3.68"]
[White "Warszawski, Bartosz"]
[Black "Luba, Lukasz"]
[Result "1-0"]
[WhiteTitle "m"]
[BlackTitle "k"]
[WhiteElo "2163"]
[BlackElo "2095"]

1. e4 g6 2. d4 Bg7 3. Nc3 c6 4. f4 d5 5. e5 h5 6. Nf3 Bg4 7. h3 Bf5 8. Bd3 Nh6
9. Be3 b5 10. Bf2 Nd7 11. O-O Nf8 12. a4 b4 13. Ne2 Ne6 14. Nh4 Qd7 15. Nxf5 Nxf5
16. Bxf5 gxf5 17. Qd3 Bh6 18. Be1 Qb7 19. Qxf5 Ng7 20. Qd3 e6 21. a5 Qb5 22. Qxb5
cxb5 23. Bxb4 Nf5 24. Kf2 h4 25. a6 Kd7 26. Bc5 Rhg8 27. Ra3 Rg6 28. Rb3 Kc6 29.
Rg1 f6 30. Rc3 Kd7 31. Rf3 Rc8 32. Rb3 fxe5 33. fxe5 Rc7 34. g4 hxg3+ 35. Nxg3
Be3+ 36. Rxe3 Nxe3 37. Kxe3 Rh6 38. Rh1 Rc6 39. h4 Rxa6 40. h5 Ra2 41. Kd2 Kc6
42. Bf8 Rh7 43. h6 b4 44. Bxb4 Rxb2 45. Bf8 a5 46. Bg7 a4 47. Ra1 Rb4 48. Kd3
Rb7 49. Nh5 Ra7 50. Kc3 Kb5 51. Rb1+ Kc6 52. Rg1 a3 53. Nf6 Raxg7 54. hxg7 Rh3+
55. Kb4 1-0

[Event "Druzynowe Mistrzostwa Polski - II liga"]
[Site "Dom Wczasowy VIS Jastrzebia Gora"]
[Date "1899-12-30"]
[Round "3.69"]
[White "Machlowski, Slawomir"]
[Black "Chalupnik, Marcin"]
[Result "1/2-1/2"]
[WhiteTitle "I+"]
[BlackTitle "k++"]
[WhiteElo "2005"]
[BlackElo "2135"]

1. g3 Nf6 2. Bg2 g6 3. b3 Bg7 4. Bb2 d6 5. d4 O-O 6. Nf3 Nbd7 7. O-O e5 8. c4 Re8
9. e3 exd4 10. Nxd4 c6 11. Nc3 a5 12. Qc2 Nc5 13. Rad1 Qb6 14. Ba3 Bg4 15. Rd2
Rad8 16. h3 Bc8 17. Rfd1 h5 18. Kh2 Qc7 19. Ndb5 cxb5 20. Nxb5 Qe7 21. Nxd6 b6
22. Nxe8 Rxe8 23. e4 h4 24. Rd6 hxg3+ 25. fxg3 Nh5 26. Rxb6 Be5 27. Rd5 Nxg3 28.
Kg1 Ngxe4 29. Qxe4 Qc7 30. Rxc5 Qxb6 31. Kh1 Bf5 32. Rxe5 Bxe4 33. Rxe8+ Kh7 34.
Rxe4 Qf2 35. Be7 f5 36. Bh4 Qxa2 37. Re7+ Kh6 38. Bf6 g5 39. Rb7 Qf2 40. Bc3 Qe3
41. Bg7+ Kg6 42. Bb2 f4 43. Rg7+ Kh6 44. Rf7 1/2-1/2

[Event "Druzynowe Mistrzostwa Polski - II liga"]
[Site "Dom Wczasowy VIS Jastrzebia Gora"]
[Date "1899-12-30"]
[Round "3.70"]
[White "Rams, Michal"]
[Black "Szydelko, Michal"]
[Result "1/2-1/2"]
[WhiteTitle "k+"]
[BlackTitle "I++"]
[WhiteElo "2112"]
[BlackElo "1699"]

1. e4 c5 2. Nf3 d6 3. Bb5+ Bd7 4. Bxd7+ Qxd7 5. O-O Nf6 6. Re1 Nc6 7. c3 g6 8.
d4 cxd4 9. cxd4 Bg7 10. Nc3 O-O 11. h3 Rfd8 12. Bf4 Rac8 13. Rc1 Ne8 14. Be3 Na5
15. b3 Nc7 16. Qd2 b6 17. d5 e5 18. Qd3 Rf8 19. Rc2 f5 20. Rec1 f4 21. Bd2 Bf6
22. Nd1 Nb7 23. b4 Bd8 24. Rc6 Rb8 25. Nb2 Ne8 26. Qa6 Ra8 27. Nc4 Nf6 28. Re1
h6 29. Qa3 g5 30. Nh2 b5 31. Na5 Bxa5 32. bxa5 Nc5 33. f3 Rfc8 34. Rxc8+ Qxc8
35. Ng4 Nxg4 36. hxg4 a6 37. Bb4 Ra7 38. Rc1 Rc7 39. Rc3 Nb7 40. Rxc7 Qxc7 41.
Qc3 Qc5+ 42. Qc4 Qxc4 1/2-1/2

[Event "Druzynowe Mistrzostwa Polski - II liga"]
[Site "Dom Wczasowy VIS Jastrzebia Gora"]
[Date "1899-12-30"]
[Round "3.71"]
[White "Trusz, Julia"]
[Black "Zajkowska, Olga"]
[Result "1-0"]
[WhiteTitle "I++"]
[BlackTitle "k"]
[WhiteElo "1741"]
[BlackElo "1836"]

1. d4 Nf6 2. c4 g6 3. g3 Bg7 4. Bg2 O-O 5. Nc3 d6 6. Nf3 Nbd7 7. O-O c6 8. e4 Qc7
9. Re1 e5 10. h3 Re8 11. Be3 Nf8 12. Qc2 Be6 13. b3 Rac8 14. Rad1 b6 15. c5 exd4
16. cxd6 Qd7 17. Bxd4 c5 18. Bxf6 Bxf6 19. e5 Bf5 20. Qd2 Bg7 21. Nd5 Be6 22.
Ne7+ Rxe7 23. dxe7 Qxe7 24. Qd6 Qe8 25. Ng5 h6 26. Nxe6 Nxe6 27. Qd7 Nd4 28. Qxa7
Qe6 29. Qb7 Rd8 30. Kh1 Kh7 31. Qe4 Re8 32. Qd5 Qf5 33. Kg1 Bxe5 34. f4 Nf3+ 35.
Qxf3 Bd4+ 36. Kh2 1-0

[Event "Druzynowe Mistrzostwa Polski - II liga"]
[Site "Dom Wczasowy VIS Jastrzebia Gora"]
[Date "1899-12-30"]
[Round "3.72"]
[White "Szewczyk, Mariusz"]
[Black "Zaskalski, Arkadiusz"]
[Result "1/2-1/2"]
[WhiteTitle "k"]
[BlackTitle "k"]
[WhiteElo "2058"]
[BlackElo "2154"]

1. e4 c5 2. Nf3 d6 3. Bb5+ Bd7 4. Bxd7+ Qxd7 5. O-O Nf6 6. Qe2 Nc6 7. c3 e6 8.
d4 cxd4 9. cxd4 d5 10. e5 Ne4 11. Be3 f6 12. exf6 gxf6 13. Nbd2 Bg7 14. Nxe4 dxe4
15. Nd2 f5 16. Nb3 O-O 17. g3 Rac8 18. Rfd1 b6 19. Qb5 Qd5 20. Qxd5 exd5 21. a3
Nd8 22. Nc1 Ne6 23. Na2 Rc4 24. b3 Rc7 25. Nb4 Rd8 26. Rac1 Rxc1 27. Rxc1 Bxd4
28. Nc6 Bxe3 29. fxe3 Rd7 30. Nb8 Rd6 31. Rc6 Rxc6 32. Nxc6 Kf7 33. Nxa7 d4 34.
exd4 Nxd4 35. Nc8 Ke6 1/2-1/2

[Event "Druzynowe Mistrzostwa Polski - II liga"]
[Site "Dom Wczasowy VIS Jastrzebia Gora"]
[Date "1899-12-30"]
[Round "3.73"]
[White "Mika, Tomasz"]
[Black "Kowalec, Maciej"]
[Result "1-0"]
[WhiteTitle "CM"]
[BlackTitle "k"]
[WhiteElo "2157"]
[BlackElo "2098"]

1. e4 e6 2. d4 d5 3. Bd3 c5 4. exd5 exd5 5. Nf3 c4 6. Be2 Nc6 7. O-O Bd6 8. b3
cxb3 9. axb3 Nge7 10. c4 O-O 11. Nc3 Bg4 12. Be3 a6 13. Qd2 Rc8 14. c5 Bb8 15.
h3 Bh5 16. Bf4 Qd7 17. Rfe1 f6 18. Rab1 Bxf4 19. Qxf4 g5 20. Qd2 Bg6 21. Rb2 Kg7
22. b4 h5 23. b5 axb5 24. Nxb5 Nf5 25. Bd3 Rb8 26. Bxf5 Bxf5 27. Nd6 Bg6 28. Rb6
g4 29. hxg4 Qxg4 30. Qb2 h4 31. Rxb7+ Kg8 32. Rxb8 Rxb8 33. Qe2 Nxd4 34. Nxd4
Qxd4 35. c6 Qc3 36. Qe6+ Kg7 37. Qe7+ Kg8 38. c7 Ra8 39. c8=Q+ Rxc8 40. Qe6+ Kg7
41. Nxc8 1-0

[Event "Druzynowe Mistrzostwa Polski - II liga"]
[Site "Dom Wczasowy VIS Jastrzebia Gora"]
[Date "1899-12-30"]
[Round "3.75"]
[White "Augustyn, Sebastian"]
[Black "Rudnik, Anna"]
[Result "1-0"]
[WhiteTitle "k"]
[BlackTitle "I++"]
[WhiteElo "2093"]
[BlackElo "1823"]

1. e4 e5 2. d4 exd4 3. c3 dxc3 4. Nxc3 Nc6 5. Nf3 Bb4 6. Bc4 h6 7. O-O Bxc3 8.
bxc3 Nge7 9. Nh4 d6 10. f4 Qd7 11. h3 b6 12. f5 Na5 13. Bxf7+ Kxf7 14. Qh5+ Kg8
15. f6 gxf6 16. Rxf6 Rh7 17. Rxh6 Rxh6 18. Bxh6 Ba6 19. Qg5+ Kf7 20. Qg7+ Ke6
21. Qg4+ Nf5 22. exf5+ Kd5 23. Qf3+ Kc5 24. Be3+ Kc4 25. Qe4+ 1-0

[Event "Druzynowe Mistrzostwa Polski - II liga"]
[Site "Dom Wczasowy VIS Jastrzebia Gora"]
[Date "1899-12-30"]
[Round "3.76"]
[White "Powalka, Michal"]
[Black "Markiewicz, Mateusz"]
[Result "1-0"]
[WhiteTitle "I++"]
[BlackTitle "I++"]
[WhiteElo "1986"]
[BlackElo "2048"]

1. e4 c5 2. Nf3 Nf6 3. Nc3 e6 4. d4 d5 5. Bg5 Be7 6. dxc5 Nxe4 7. Bxe7 Qxe7 8.
Qd4 O-O 9. Nxe4 dxe4 10. Qxe4 Qxc5 11. Bd3 Qh5 12. g4 f5 13. Qe2 fxg4 14. Ne5
Nc6 15. Nxg4 Qg5 16. Qe4 g6 17. h4 Qf4 18. h5 Qxe4+ 19. Bxe4 Rf4 20. f3 e5 21.
Bxc6 bxc6 22. Nxe5 Bf5 23. O-O-O Re8 24. hxg6 hxg6 25. Nxc6 Rxf3 26. Nd4 Rf2 27.
Nxf5 gxf5 28. Rd7 Rc8 29. Rd2 Rxd2 30. Kxd2 Kg7 31. Rc1 Kf6 32. c4 Ke5 33. Kd3
Rd8+ 34. Kc3 f4 35. Re1+ Kf6 36. b4 Rh8 37. c5 Rh3+ 38. Kc4 Ra3 39. c6 Rxa2 40.
Rc1 1-0

[Event "Druzynowe Mistrzostwa Polski - II liga"]
[Site "Dom Wczasowy VIS Jastrzebia Gora"]
[Date "1899-12-30"]
[Round "3.77"]
[White "Jalowiec, Halina"]
[Black "Bebnik, Malgorzata"]
[Result "1-0"]
[WhiteTitle "WFM"]
[BlackTitle "I++"]
[WhiteElo "1807"]
[BlackElo "1846"]

1. e4 c5 2. Nf3 Nc6 3. d4 cxd4 4. Nxd4 Nf6 5. Nc3 e6 6. Nxc6 bxc6 7. e5 Nd5 8.
Ne4 Qc7 9. f4 Qb6 10. c4 Bb4+ 11. Ke2 Ba6 12. Kf3 f5 13. exf6 Nxf6 14. Be3 Qa5
15. Nxf6+ gxf6 16. a3 Be7 17. b4 Qh5+ 18. Kf2 Qf7 19. Be2 h5 20. Qd2 e5 21. c5
Bxe2 22. Qxe2 Qe6 23. Rhd1 Qf5 24. Kg1 Rg8 25. fxe5 fxe5 26. Rf1 Qg6 27. Rf3 h4
28. Raf1 e4 29. Rf4 O-O-O 30. Bd4 Kb7 31. Rxe4 Rde8 32. Re1 Kc7 33. Be5+ Kd8 34.
Bf4 Bf6 35. Rxe8+ Rxe8 36. Qxe8+ Qxe8 37. Bc7+ Kxc7 38. Rxe8 Bb2 39. Re4 h3 40.
gxh3 Bxa3 41. h4 a5 42. bxa5 Bxc5+ 43. Kf1 d5 44. Ra4 Kb7 45. a6+ Ka7 46. h5 Be3
47. Ke2 Bh6 48. h4 Bc1 49. Ra2 Bh6 50. Rc2 Kb6 51. a7 Kxa7 52. Rxc6 1-0

[Event "Druzynowe Mistrzostwa Polski - II liga"]
[Site "Dom Wczasowy VIS Jastrzebia Gora"]
[Date "1899-12-30"]
[Round "3.78"]
[White "Sliwicki, Damian"]
[Black "Goluch, Piotr"]
[Result "0-1"]
[WhiteTitle "CM"]
[BlackTitle "IM"]
[WhiteElo "2140"]
[BlackElo "2353"]

1. e4 c6 2. d4 d5 3. exd5 cxd5 4. c4 Nf6 5. Nc3 e6 6. Nf3 Be7 7. Qb3 O-O 8. c5
Ne4 9. Bd3 f5 10. O-O Nc6 11. Bb5 Bf6 12. Bxc6 bxc6 13. Bf4 g5 14. Be5 g4 15.
Nxe4 fxe4 16. Bxf6 Qxf6 17. Ne5 Ba6 18. Qe3 Bxf1 19. Rxf1 Qg7 20. Nxc6 Rf3 21.
Qe1 Raf8 22. Kh1 g3 23. hxg3 Qxg3 24. Kg1 Qh4 25. Ne5 R3f5 26. Qe2 Kh8 27. Qg4
Qh6 28. f4 Rh5 29. g3 Rh1+ 30. Kf2 Qh2+ 31. Ke1 e3 32. Nf7+ Rxf7 33. Qg7+ 0-1

[Event "Druzynowe Mistrzostwa Polski - II liga"]
[Site "Dom Wczasowy VIS Jastrzebia Gora"]
[Date "1899-12-30"]
[Round "3.79"]
[White "Jankowiak, Tomasz"]
[Black "Papka, Sebastian"]
[Result "1/2-1/2"]
[WhiteTitle "k"]
[BlackTitle "k"]
[WhiteElo "2195"]
[BlackElo "2101"]

1. e4 c6 2. d4 d5 3. exd5 cxd5 4. c4 Nf6 5. Nc3 g6 6. cxd5 Bg7 7. Qb3 O-O 8. Be2
Nbd7 9. Bf3 Nb6 10. Nge2 Bg4 11. Bxg4 Nxg4 12. a4 Qd7 13. a5 Nc8 14. O-O b6 15.
Bf4 Nf6 16. axb6 Nxb6 17. d6 exd6 18. Nb5 Nc8 19. Ra6 Rb8 20. Nec3 Ne4 21. Nxe4
Qxb5 22. Qxb5 Rxb5 23. Nxd6 Rd5 24. Nxc8 Rxc8 25. Rxa7 Rxd4 26. Bc1 Rb4 27. Ra2
Rcb8 28. g3 Bxb2 29. Bd2 R4b6 30. Be3 Rb4 31. Bf4 Re8 32. Rb1 Bc3 33. Rxb4 Bxb4
34. Be3 1/2-1/2